[Event "Asian Cities-chT"]
[Site "Khanty-Mansiysk"]
[Date "2024.04.28"]
[Round "8.2"]
[White "Mohammed, Zozek Salah Mohamme"]
[Black "Mohammadi, Melika"]
[Result "0-1"]
[WhiteElo "2171"]
[BlackElo "2148"]
[PlyCount "84"]
[EventDate "2024.04.21"]
[EventType "team-swiss"]
[EventRounds "9"]
[EventCountry "RUS"]
[SourceTitle "CB18_2024"]
[SourceDate "2024.05.01"]
[SourceVersion "1"]
[SourceVersionDate "2024.05.01"]
[SourceQuality "2"]
[WhiteTeam "Baghdad"]
[BlackTeam "Tehran (W)"]
[WhiteTeamCountry "IRQ"]
[BlackTeamCountry "IRI"]

1. Nf3 d5 2. d4 Nf6 3. g3 g6 4. Bg2 Bg7 5. 0-0 c6 6. c4 0-0 7. cxd5 cxd5 8. Ne5 Nc6 9. Nxc6 bxc6 10. Nc3 Bf5 11. Bf4 Nh5 12. Be3 c5 13. Nxd5 e6 14. Nf4 Nxf4 15. Bxf4 cxd4 16. Bxa8 Qxa8 17. f3 Bh3 18. Re1 e5 19. Bd2 e4 20. Rc1 Rb8 21. b3 Qd5 22. Bf4 Rd8 23. Rc4 g5 24. Bc1 g4 25. Qc2 gxf3 26. exf3 e3 27. Qe2 h5 28. Rd1 Qe6 29. Kh1 Bf5 30. Ra4 Qb6 31. Kg2 Re8 32. Rc4 Bf6 33. h4 d3 34. Rxd3 Bxd3 35. Qxd3 e2 36. Bd2 e1N+ 37. Bxe1 Rxe1 38. Rc2 Qg1+ 39. Kh3 Re3 40. Qf5 Qh1+ 41. Rh2 Qf1+ 42. Rg2 Re2 0-1

[Event "IRQ-ch"]
[Site "Sulaymaniyah"]
[Date "2023.10.30"]
[Round "9"]
[White "Mohammed, Zozek Salah Mohamme"]
[Black "Abdulwahhab, Ahmed Abdulsattar"]
[Result "1/2-1/2"]
[WhiteElo "2208"]
[BlackElo "2132"]
[PlyCount "138"]
[EventDate "2023.10.25"]
[EventType "tourn"]
[EventRounds "11"]
[EventCountry "IRQ"]
[SourceTitle "Mega2024 Update 01"]
[Source "Chessbase"]
[SourceDate "2023.11.12"]
[SourceVersion "1"]
[SourceVersionDate "2023.11.12"]
[SourceQuality "1"]

1. d4 d5 2. Nf3 Nf6 3. c4 c6 4. Nc3 dxc4 5. a4 Bf5 6. Ne5 e6 7. f3 Bb4 8. e4 Bxe4 9. fxe4 Nxe4 10. Bd2 Qxd4 11. Nxe4 Qxe4+ 12. Qe2 Bxd2+ 13. Kxd2 Qd5+ 14. Kc2 Na6 15. Nxc4 0-0 16. Qe5 Rac8 17. Kb3 Rfd8 18. Qxd5 cxd5 19. Na5 Nc5+ 20. Ka3 Rc7 21. Rc1 Rdc8 22. Be2 Kf8 23. Rc2 b6 24. Nb3 Nxb3 25. Rxc7 Rxc7 26. Kxb3 a5 27. Rd1 Ke7 28. Rd3 Kd6 29. Ka3 f5 30. Rb3 Rc6 31. Bb5 Rc5 32. Be8 Kc7 33. Rg3 Kd8 34. Bf7 Ke7 35. Rxg7 Kf6 36. Rxh7 d4 37. Be8 e5 38. Rd7 Ke6 39. Rb7 d3 40. Rxb6+ Ke7 41. Bb5 e4 42. Kb3 Rc1 43. Ra6 d2 44. Be2 d1Q+ 45. Bxd1 Rxd1 46. Rxa5 Kf6 47. Ra8 Kf7 48. Rc8 e3 49. Rc2 Ke6 50. Re2 f4 51. Kc2 Rd4 52. g3 Ke5 53. b3 Ke4 54. gxf4 Kxf4 55. a5 Kf3 56. Re1 e2 57. Ra1 Kf2 58. Kc3 Rd1 59. Ra2 Ke3 60. Rxe2+ Kxe2 61. b4 Ke3 62. Kc4 Rc1+ 63. Kd5 Rh1 64. a6 Rxh2 65. b5 Ra2 66. Kc5 Kd3 67. Kd5 Ra5 68. Kc5 Kc3 69. Kb6 Kb4 1/2-1/2

[Event "IRQ-ch"]
[Site "Sulaymaniyah"]
[Date "2023.10.28"]
[Round "5"]
[White "Ali Firas, Qassim"]
[Black "Mohammed, Zozek Salah Mohamme"]
[Result "1-0"]
[WhiteElo "1946"]
[BlackElo "2208"]
[PlyCount "103"]
[EventDate "2023.10.25"]
[EventType "tourn"]
[EventRounds "11"]
[EventCountry "IRQ"]
[SourceTitle "Mega2024 Update 01"]
[Source "Chessbase"]
[SourceDate "2023.11.12"]
[SourceVersion "1"]
[SourceVersionDate "2023.11.12"]
[SourceQuality "1"]

1. e4 c5 2. Nf3 d6 3. Bb5+ Nc6 4. Bxc6+ bxc6 5. 0-0 e5 6. Re1 Be7 7. c3 Bg4 8. d3 Nf6 9. Nbd2 0-0 10. Nf1 h6 11. Ng3 Nh7 12. h3 Be6 13. d4 cxd4 14. cxd4 Qc7 15. Qc2 Ng5 16. Nxg5 hxg5 17. d5 Bd7 18. dxc6 Bxc6 19. Nf5 Bf6 20. b3 g6 21. Ne3 Rac8 22. Ba3 Rfd8 23. Rad1 Qb7 24. Nc4 Bxe4 25. Rxe4 d5 26. Rg4 Qa6 27. Bc1 dxc4 28. Rxd8+ Rxd8 29. Rxc4 Kg7 30. Be3 Qb7 31. Rc7 Rd1+ 32. Kh2 Qd5 33. Qc4 a5 34. Qxd5 Rxd5 35. Rc5 Rxc5 36. Bxc5 Bd8 37. a4 Kf6 38. b4 axb4 39. Bxb4 Ke6 40. a5 Kd5 41. a6 Bb6 42. Kg3 f5 43. f3 Kc4 44. Bd6 e4 45. fxe4 fxe4 46. Bb8 e3 47. Kf3 Kd3 48. a7 e2 49. a8Q e1Q 50. Qa6+ Kd2 51. Qxb6 Qe3+ 52. Qxe3+ 1-0

[Event "IRQ-ch"]
[Site "Sulaymaniyah"]
[Date "2023.10.26"]
[Round "2"]
[White "Mohammed, Zozek Salah Mohamme"]
[Black "Aryan, Ali Ehsan"]
[Result "1/2-1/2"]
[WhiteElo "2208"]
[BlackElo "2079"]
[PlyCount "56"]
[EventDate "2023.10.25"]
[EventType "tourn"]
[EventRounds "11"]
[EventCountry "IRQ"]
[SourceTitle "Mega2024 Update 01"]
[Source "Chessbase"]
[SourceDate "2023.11.12"]
[SourceVersion "1"]
[SourceVersionDate "2023.11.12"]
[SourceQuality "1"]

1. Nf3 Nf6 2. d4 g6 3. g3 Bg7 4. Bg2 0-0 5. 0-0 c5 6. c4 cxd4 7. Nxd4 d5 8. cxd5 Nxd5 9. Nb5 a6 10. N1c3 axb5 11. Nxd5 Nc6 12. Be3 Qa5 13. Bb6 Qa4 14. Qd2 Be6 15. e4 Bxd5 16. exd5 Ne5 17. b3 Qg4 18. f3 Qf5 19. Rac1 Rfc8 20. f4 Nd3 21. Rxc8+ Rxc8 22. Qe3 Qf6 23. Rd1 Rc3 24. Rxd3 Rxd3 25. Qxd3 Qxb6+ 26. Kf1 Qc5 27. Bf3 Qc1+ 28. Kg2 Qb2+ 1/2-1/2

[Event "IRQ-ch"]
[Site "Sulaymaniyah"]
[Date "2023.10.25"]
[Round "1"]
[White "Mohammed, Latif Hamid"]
[Black "Mohammed, Zozek Salah Mohamme"]
[Result "1-0"]
[WhiteElo "2090"]
[BlackElo "2208"]
[PlyCount "125"]
[EventDate "2023.10.25"]
[EventType "tourn"]
[EventRounds "11"]
[EventCountry "IRQ"]
[SourceTitle "Mega2024 Update 01"]
[Source "Chessbase"]
[SourceDate "2023.11.12"]
[SourceVersion "1"]
[SourceVersionDate "2023.11.12"]
[SourceQuality "1"]

1. e4 d6 2. Nf3 Nf6 3. c3 g6 4. g3 Bg7 5. Bg2 0-0 6. d3 c5 7. 0-0 Nc6 8. Re1 Bg4 9. Nbd2 Qd7 10. a4 Ne5 11. Qc2 Rac8 12. b3 Rfd8 13. Bb2 b6 14. Ng5 h6 15. Ngf3 Nh7 16. Nh4 g5 17. Nf5 Bxf5 18. exf5 Qxf5 19. Be4 Qf6 20. d4 Ng6 21. d5 Nhf8 22. Rab1 e6 23. dxe6 fxe6 24. c4 Qf7 25. Bxg7 Kxg7 26. Re3 d5 27. Bd3 Rc7 28. Rbe1 g4 29. f4 Ne7 30. R3e2 Rd6 31. Nf1 h5 32. Ne3 d4 33. Ng2 Nfg6 34. Re4 Nf5 35. Qe2 Re7 36. Rf1 Qf6 37. Re5 Rdd7 38. Re4 Rd8 39. Qf2 Rde8 40. Rfe1 Rd8 41. R1e2 Nd6 42. Re5 Nxe5 43. Rxe5 Nf5 44. Qe2 Rde8 45. Qe4 Kf7 46. Qc6 Rd8 47. Qe4 Rh8 48. Nh4 Nxh4 49. gxh4 Rh6 50. Rg5 Re8 51. Kg2 Rhh8 52. Kg3 Rh6 53. Qg2 Re7 54. Qa8 Qh8 55. Bg6+ Kf6 56. Qe4 Qb8 57. Bxh5 Rg7 58. Qe5+ Qxe5 59. fxe5+ Ke7 60. Rxg7+ Kf8 61. Rg5 Rh7 62. Bg6 Rd7 63. Bd3 1-0

[Event "Titled Tuesday intern op 29th Aug Early"]
[Site "Chess.com INT"]
[Date "2023.08.29"]
[Round "11"]
[White "Gavilan Diaz, Mario"]
[Black "Mohammed, Zozek Salah Mohamme"]
[Result "1-0"]
[WhiteElo "2274"]
[BlackElo "2210"]
[PlyCount "231"]
[EventDate "2023.08.29"]
[EventType "swiss (blitz)"]
[EventRounds "11"]
[EventCountry "USA"]
[SourceTitle "EXT 2024"]
[Source "ChessBase"]
[SourceDate "2023.10.10"]
[SourceVersion "1"]
[SourceVersionDate "2023.10.10"]
[SourceQuality "1"]

1. d4 d5 2. c4 e6 3. Nc3 c5 4. cxd5 exd5 5. Nf3 Nc6 6. dxc5 Nf6 7. Bg5 Bxc5 8. e3 0-0 9. Be2 Be6 10. 0-0 h6 11. Bh4 Be7 12. Nb5 Qd7 13. Nbd4 Ne4 14. Bxe7 Qxe7 15. Rc1 Rac8 16. Nxc6 Rxc6 17. Rxc6 bxc6 18. Qa4 Qb7 19. b4 Rb8 20. a3 Nc3 21. Qc2 Nxe2+ 22. Qxe2 Bg4 23. Rc1 Bxf3 24. Qxf3 Qa6 25. Qf4 Rb7 26. h4 Qxa3 27. Rxc6 Qd3 28. Rd6 Qe4 29. Rd8+ Kh7 30. Qxe4+ dxe4 31. Rd4 f5 32. h5 g6 33. hxg6+ Kxg6 34. Kh2 Kg5 35. Kg3 h5 36. f4+ exf3 37. gxf3 Re7 38. Kf2 h4 39. Rd8 Rb7 40. Rg8+ Kf6 41. Rf8+ Kg6 42. Rg8+ Kf7 43. Ra8 Rxb4 44. Rxa7+ Kg6 45. Kg2 Rb3 46. Re7 Kg5 47. Kh3 Rd3 48. Re8 Kh5 49. f4 Ra3 50. Re6 Ra1 51. Re8 Rh1+ 52. Kg2 Re1 53. Kf2 Rb1 54. Rg8 Rb2+ 55. Kf3 h3 56. Rh8+ Kg6 57. Rxh3 Kf7 58. Rh6 Rb1 59. Ra6 Rf1+ 60. Kg3 Rg1+ 61. Kf2 Rb1 62. Ke2 Rb3 63. Kf3 Rb1 64. Ra7+ Kf6 65. Ra6+ Kf7 66. Ra5 Kf6 67. Re5 Kg6 68. Re8 Kf7 69. Re5 Kf6 70. Ke2 Kg6 71. Kd3 Kf6 72. Kd4 Rd1+ 73. Kc5 Rc1+ 74. Kd6 Rd1+ 75. Rd5 Re1 76. Rd3 Rc1 77. Kd7 Ra1 78. Rd6+ Kf7 79. Rd5 Ra7+ 80. Kc6 Ra3 81. Rxf5+ Kg6 82. Re5 Kf6 83. Kd5 Rd3+ 84. Ke4 Rd1 85. Kf3 Rf1+ 86. Ke4 Rd1 87. Ra5 Rb1 88. Ra6+ Kf7 89. Kf5 Rb5+ 90. Kg4 Rb1 91. e4 Kg7 92. Kf5 Kf7 93. Ra7+ Kf8 94. e5 Rb6 95. e6 Rb5+ 96. Kf6 Rb8 97. f5 Re8 98. Rh7 Kg8 99. Rg7+ Kh8 100. Rg1 Rf8+ 101. Ke7 Rg8 102. Kf7 Rxg1 103. e7 Rg7+ 104. Kf8 Rg8+ 105. Kf7 Rg7+ 106. Ke6 Rg8 107. f6 Kh7 108. f7 Rg6+ 109. Kd7 Rf6 110. f8Q Rxf8 111. exf8Q Kg6 112. Ke6 Kh7 113. Qf5+ Kg7 114. Qg4+ Kh7 115. Kf7 Kh6 116. Qg6# 1-0

[Event "Titled Tuesday intern op 29th Aug Early"]
[Site "Chess.com INT"]
[Date "2023.08.29"]
[Round "3"]
[White "Kuznetsov, Mikhail V"]
[Black "Mohammed, Zozek Salah Mohamme"]
[Result "1-0"]
[WhiteElo "2246"]
[BlackElo "2210"]
[PlyCount "105"]
[EventDate "2023.08.29"]
[EventType "swiss (blitz)"]
[EventRounds "11"]
[EventCountry "USA"]
[SourceTitle "EXT 2024"]
[Source "ChessBase"]
[SourceDate "2023.10.10"]
[SourceVersion "1"]
[SourceVersionDate "2023.10.10"]
[SourceQuality "1"]

1. Nf3 d5 2. g3 e6 3. Bg2 c5 4. 0-0 Nc6 5. d4 Nf6 6. c4 Be7 7. Nc3 0-0 8. cxd5 exd5 9. Bg5 c4 10. Rc1 h6 11. Bxf6 Bxf6 12. b3 cxb3 13. Qxb3 Bxd4 14. Nxd5 Be6 15. e4 Bb6 16. Rfd1 Rc8 17. Qa3 Bxd5 18. Rxd5 Qe7 19. Qxe7 Nxe7 20. Rdd1 Rfd8 21. Rxd8+ Rxd8 22. Bf1 g5 23. h3 Rc8 24. Rxc8+ Nxc8 25. Bc4 Nd6 26. Bd5 Kg7 27. a4 f6 28. Nd2 Bd4 29. Nb3 Bb6 30. Kg2 h5 31. f4 Bc7 32. Kf3 b6 33. Nd4 Bb8 34. Nc6 Bc7 35. Nxa7 Kf8 36. Nc6 Ke8 37. e5 fxe5 38. fxe5 Nf7 39. Ke4 Nh6 40. Be6 h4 41. g4 Kf8 42. Kd5 Ke8 43. Nd4 Bd8 44. Nb5 Nf7 45. Bxf7+ Kxf7 46. Kd6 Be7+ 47. Kd7 Bb4 48. e6+ Kf6 49. Nd6 Bc5 50. e7 Bxd6 51. Kxd6 Kf7 52. Kd7 b5 53. e8Q+ 1-0

[Event "Titled Tuesday intern op 04th Apr Early"]
[Site "Chess.com INT"]
[Date "2023.04.04"]
[Round "3"]
[White "Mohammed, Zozek Salah Mohamme"]
[Black "Arcos Facio, Mateo"]
[Result "1-0"]
[WhiteElo "2229"]
[BlackElo "2094"]
[PlyCount "47"]
[EventDate "2023.04.04"]
[EventType "swiss (blitz)"]
[EventRounds "11"]
[EventCountry "USA"]
[SourceTitle "EXT 2024"]
[Source "ChessBase"]
[SourceDate "2023.10.10"]
[SourceVersion "1"]
[SourceVersionDate "2023.10.10"]
[SourceQuality "1"]

1. d4 g6 2. Nf3 Bg7 3. g3 Nf6 4. Bg2 d6 5. 0-0 0-0 6. b3 Nbd7 7. Bb2 e5 8. dxe5 dxe5 9. Nxe5 Ng4 10. Nxd7 Bxb2 11. Nxf8 Qxd1 12. Rxd1 Bxa1 13. Nd7 Kg7 14. Nc5 c6 15. c3 Ne5 16. Na4 b5 17. Nc5 Bg4 18. Kf1 Re8 19. h3 Bf5 20. e4 Bc8 21. f4 b4 22. cxb4 h5 23. Na3 Bb2 24. Nc2 1-0

[Event "Titled Tuesday intern op 04th Apr Early"]
[Site "Chess.com INT"]
[Date "2023.04.04"]
[Round "1"]
[White "Mohammed, Zozek Salah Mohamme"]
[Black "Sowinski, Pawel"]
[Result "0-1"]
[WhiteElo "2229"]
[BlackElo "2313"]
[PlyCount "46"]
[EventDate "2023.04.04"]
[EventType "swiss (blitz)"]
[EventRounds "11"]
[EventCountry "USA"]
[SourceTitle "EXT 2024"]
[Source "ChessBase"]
[SourceDate "2023.10.10"]
[SourceVersion "1"]
[SourceVersionDate "2023.10.10"]
[SourceQuality "1"]

1. d4 Nf6 2. Nf3 d5 3. g3 c6 4. Bg2 g6 5. 0-0 Bg7 6. c4 0-0 7. Nbd2 b6 8. Ne5 Bb7 9. b3 e6 10. Ba3 Re8 11. Rc1 Nfd7 12. f4 c5 13. Ndf3 cxd4 14. cxd5 Bxd5 15. Bb2 Nxe5 16. fxe5 Nc6 17. Nxd4 Nxe5 18. e4 Bb7 19. h3 Ba6 20. Rf2 Nd3 21. Rd2 Nxb2 22. Nxe6 Nxd1 23. Nxd8 Raxd8 0-1

[Event "Titled Tuesday intern op 20th Dec Early"]
[Site "Chess.com INT"]
[Date "2022.12.20"]
[Round "8"]
[White "Lohani, Sujana"]
[Black "Mohammed, Zozek Salah Mohamme"]
[Result "0-1"]
[WhiteElo "1743"]
[BlackElo "2191"]
[PlyCount "82"]
[EventDate "2022.12.20"]
[EventType "swiss (blitz)"]
[EventRounds "11"]
[EventCountry "USA"]
[SourceTitle "EXT 2024"]
[Source "ChessBase"]
[SourceDate "2023.10.10"]
[SourceVersion "1"]
[SourceVersionDate "2023.10.10"]
[SourceQuality "1"]

1. d4 Nf6 2. Nf3 c5 3. d5 d6 4. c4 g6 5. Nc3 Bg7 6. g3 0-0 7. Bg2 a6 8. 0-0 e6 9. e4 exd5 10. exd5 Re8 11. Bg5 h6 12. Bf4 Bf5 13. Re1 g5 14. Rxe8+ Nxe8 15. Be3 Nd7 16. Qd2 Nef6 17. h4 g4 18. Ne1 h5 19. Bh6 Ne5 20. Qg5 Bg6 21. b3 Nfd7 22. Qe3 Qf6 23. Bxg7 Kxg7 24. Ne4 Nf3+ 25. Nxf3 Qxa1+ 26. Ne1 Re8 27. Kh2 Qd4 28. Qg5 Rxe4 29. Nc2 Qe5 30. Bxe4 Qxg5 31. hxg5 Bxe4 32. Ne3 Bb1 33. a3 a5 34. Kg2 Ba2 35. f3 gxf3+ 36. Kxf3 Bxb3 37. Nf5+ Kg6 38. Nxd6 Ne5+ 39. Kf4 Nxc4 40. Nxb7 Nxa3 41. d6 Be6 0-1

[Event "Titled Tuesday intern op 20th Dec Early"]
[Site "Chess.com INT"]
[Date "2022.12.20"]
[Round "10"]
[White "Mohammed, Zozek Salah Mohamme"]
[Black "Guerb, Leonid"]
[Result "1-0"]
[WhiteElo "2191"]
[BlackElo "2295"]
[PlyCount "41"]
[EventDate "2022.12.20"]
[EventType "swiss (blitz)"]
[EventRounds "11"]
[EventCountry "USA"]
[SourceTitle "EXT 2024"]
[Source "ChessBase"]
[SourceDate "2023.10.10"]
[SourceVersion "1"]
[SourceVersionDate "2023.10.10"]
[SourceQuality "1"]

1. d4 Nf6 2. Nf3 c5 3. g3 g6 4. Bg2 Bg7 5. 0-0 0-0 6. c4 cxd4 7. Nxd4 Nc6 8. Nc3 Nxd4 9. Qxd4 d6 10. b3 Qa5 11. Bb2 Qh5 12. Nd5 e5 13. Ne7+ Kh8 14. Qxd6 Qxe2 15. Qxe5 Qxe5 16. Bxe5 Re8 17. Bd6 Be6 18. Rad1 Rad8 19. c5 b6 20. Bc6 bxc5 21. Bxe8 1-0

[Event "Titled Tuesday intern op 20th Dec Early"]
[Site "Chess.com INT"]
[Date "2022.12.20"]
[Round "7"]
[White "Mohammed, Zozek Salah Mohamme"]
[Black "Guevara, Robert N"]
[Result "0-1"]
[WhiteElo "2191"]
[BlackElo "1993"]
[PlyCount "80"]
[EventDate "2022.12.20"]
[EventType "swiss (blitz)"]
[EventRounds "11"]
[EventCountry "USA"]
[SourceTitle "EXT 2024"]
[Source "ChessBase"]
[SourceDate "2023.10.10"]
[SourceVersion "1"]
[SourceVersionDate "2023.10.10"]
[SourceQuality "1"]

1. d4 e6 2. c4 d5 3. Nf3 f5 4. g3 Nf6 5. Bg2 Bd6 6. 0-0 0-0 7. b3 c6 8. Nc3 Bd7 9. Qc2 Ne4 10. Ne5 Be8 11. f3 Nxc3 12. Qxc3 Nd7 13. Nxd7 Qxd7 14. Bb2 f4 15. g4 Bg6 16. e4 fxe3 17. Qxe3 Bf4 18. Qe2 Rae8 19. Ba3 Rf7 20. c5 Qc7 21. h4 e5 22. h5 Bxh5 23. gxh5 Qd7 24. Rae1 Qf5 25. dxe5 Qxh5 26. e6 Qh2+ 27. Kf2 Bg3+ 28. Ke3 Rxe6+ 29. Kd3 Rxe2 30. Rxe2 Qh5 31. Re8+ Rf8 32. Rxf8+ Kxf8 33. f4 Qf5+ 34. Kd2 Bxf4+ 35. Ke2 Qc2+ 36. Kf3 g5 37. Bh3 Qxa2 38. Bc1 Qxb3+ 39. Kg4 Qg3+ 40. Kh5 Qxh3# 0-1

[Event "Titled Tuesday intern op 20th Dec Early"]
[Site "Chess.com INT"]
[Date "2022.12.20"]
[Round "5"]
[White "Mohammed, Zozek Salah Mohamme"]
[Black "Martin, Lewis"]
[Result "0-1"]
[WhiteElo "2191"]
[BlackElo "2135"]
[PlyCount "52"]
[EventDate "2022.12.20"]
[EventType "swiss (blitz)"]
[EventRounds "11"]
[EventCountry "USA"]
[SourceTitle "EXT 2024"]
[Source "ChessBase"]
[SourceDate "2023.10.10"]
[SourceVersion "1"]
[SourceVersionDate "2023.10.10"]
[SourceQuality "1"]

1. d4 d5 2. Nf3 Nf6 3. g3 g6 4. Bg2 Bg7 5. 0-0 0-0 6. c4 c6 7. cxd5 cxd5 8. Ne5 Nbd7 9. Nc3 e6 10. Qb3 Qb6 11. Qxb6 Nxb6 12. b3 Nfd7 13. f4 f6 14. Nd3 a6 15. Ba3 Re8 16. e4 dxe4 17. Nxe4 f5 18. Nd6 Bxd4+ 19. Kh1 Rd8 20. Rad1 Nd5 21. Rfe1 Ne3 22. Bxb7 Bxb7+ 23. Nxb7 Rdb8 24. Ndc5 Nxd1 25. Nxd7 Rxb7 26. Rxd1 Rxd7 0-1

[Event "Titled Tuesday intern op 29th Nov Early"]
[Site "Chess.com INT"]
[Date "2022.11.29"]
[Round "5"]
[White "Matveeva, Olga"]
[Black "Mohammed, Zozek Salah Mohamme"]
[Result "1/2-1/2"]
[WhiteElo "2111"]
[BlackElo "2144"]
[PlyCount "166"]
[EventDate "2022.11.29"]
[EventType "swiss (blitz)"]
[EventRounds "11"]
[EventCountry "USA"]
[SourceTitle "EXT 2024"]
[Source "ChessBase"]
[SourceDate "2023.10.10"]
[SourceVersion "1"]
[SourceVersionDate "2023.10.10"]
[SourceQuality "1"]

1. d4 d5 2. c4 c6 3. Nf3 Nf6 4. e3 e6 5. Nc3 Nbd7 6. Bd3 dxc4 7. Bxc4 b5 8. Bd3 a6 9. 0-0 c5 10. Qe2 Bb7 11. Rd1 cxd4 12. exd4 Be7 13. Bg5 0-0 14. Ne5 h6 15. Bh4 Nxe5 16. dxe5 Nd5 17. Bxe7 Qxe7 18. Ne4 Nf4 19. Qe3 Nxd3 20. Rxd3 Bxe4 21. Qxe4 Rfd8 22. Rad1 Rac8 23. h3 Rxd3 24. Qxd3 Qc7 25. Qd6 Qxd6 26. Rxd6 Rc2 27. Rxa6 Rxb2 28. Ra7 g5 29. g3 Re2 30. f4 gxf4 31. gxf4 Re4 32. Rb7 b4 33. f5 exf5 34. Kf2 Rc4 35. Kf3 Re4 36. Rb6 Kg7 37. Rb7 Kg6 38. Rb6+ Kg5 39. Rb7 Kg6 40. Rb6+ Kg7 41. Rb7 Rxe5 42. Rxb4 Ra5 43. a4 Kg6 44. Kf4 Rc5 45. Rb6+ f6 46. Ra6 Rc4+ 47. Kf3 Kg5 48. Ra8 Rc3+ 49. Kg2 Kf4 50. Rf8 Rc2+ 51. Kg1 Kg5 52. Rg8+ Kh5 53. a5 Ra2 54. Ra8 Kh4 55. a6 Kg3 56. Kf1 Kxh3 57. a7 h5 58. Rh8 Rxa7 59. Rxh5+ Kg4 60. Rh8 Ra2 61. Rb8 f4 62. Rb3 f5 63. Rc3 f3 64. Rc8 Kg3 65. Rg8+ Kf4 66. Rb8 Rc2 67. Rb7 Ra2 68. Rb8 f2 69. Rb4+ Kg3 70. Rb3+ Kg4 71. Rb4+ f4 72. Rc4 Kg3 73. Rc3+ Kg4 74. Rc4 Kf5 75. Rb4 f3 76. Rb5+ Ke4 77. Rb4+ Kd3 78. Rb3+ Kd4 79. Rb4+ Ke3 80. Rb3+ Kf4 81. Rb4+ Kg3 82. Rg4+ Kh3 83. Rh4+ Kxh4 1/2-1/2

[Event "Titled Tuesday intern op 29th Nov Late"]
[Site "Chess.com INT"]
[Date "2022.11.29"]
[Round "6"]
[White "Mohammed, Zozek Salah Mohamme"]
[Black "Di Berardino, Diego Rafael"]
[Result "0-1"]
[WhiteElo "2144"]
[BlackElo "2467"]
[PlyCount "94"]
[EventDate "2022.11.29"]
[EventType "swiss (blitz)"]
[EventRounds "11"]
[EventCountry "USA"]
[SourceTitle "EXT 2024"]
[Source "ChessBase"]
[SourceDate "2023.10.10"]
[SourceVersion "1"]
[SourceVersionDate "2023.10.10"]
[SourceQuality "1"]

1. d4 d5 2. c4 e6 3. Nf3 Nf6 4. g3 Be7 5. Bg2 0-0 6. 0-0 dxc4 7. Qc2 a6 8. Qxc4 b5 9. Qc2 Bb7 10. Bd2 Be4 11. Qb3 c5 12. dxc5 Nbd7 13. Bb4 a5 14. Bd2 b4 15. c6 Bxc6 16. Rc1 Bd5 17. Qd1 Rc8 18. Be3 Rxc1 19. Qxc1 Ng4 20. Bd4 e5 21. Be3 Nxe3 22. Qxe3 Bc5 23. Qg5 Qb6 24. e3 f6 25. Qf5 Be6 26. Qd3 Rd8 27. Nbd2 Nb8 28. Qe2 a4 29. Rc1 Bxa2 30. Ne4 Be7 31. Nfd2 Qa6 32. Qh5 Bf7 33. Qg4 a3 34. bxa3 bxa3 35. Bf1 Qa5 36. Nc4 Qa7 37. Nc3 Qa6 38. Nxe5 Qe6 39. Qxe6 Bxe6 40. Nc4 Rc8 41. Na2 Nd7 42. Rc3 Kf8 43. f4 f5 44. Kf2 Bf6 45. Rxa3 Bxc4 46. Bxc4 Rxc4 47. Ra7 Ke7 0-1

[Event "Titled Tuesday intern op 29th Nov Early"]
[Site "Chess.com INT"]
[Date "2022.11.29"]
[Round "4"]
[White "Mohammed, Zozek Salah Mohamme"]
[Black "Malek, Jan"]
[Result "0-1"]
[WhiteElo "2144"]
[BlackElo "2355"]
[PlyCount "54"]
[EventDate "2022.11.29"]
[EventType "swiss (blitz)"]
[EventRounds "11"]
[EventCountry "USA"]
[SourceTitle "EXT 2024"]
[Source "ChessBase"]
[SourceDate "2023.10.10"]
[SourceVersion "1"]
[SourceVersionDate "2023.10.10"]
[SourceQuality "1"]

1. d4 g6 2. Nf3 Bg7 3. g3 c5 4. Bg2 cxd4 5. Nxd4 Nc6 6. Nxc6 bxc6 7. 0-0 Rb8 8. c3 Nf6 9. Qa4 0-0 10. Qxa7 Rb5 11. Na3 Rh5 12. Bf4 d5 13. Qc7 Qe8 14. Nc2 e5 15. Be3 Bf5 16. Rac1 Qe6 17. Bc5 Bh3 18. Bxf8 Bxg2 19. Kxg2 Qh3+ 20. Kf3 Bxf8 21. Qxc6 Bh6 22. e3 Qg4+ 23. Kg2 Ne4 24. h4 Rf5 25. Qxd5 Rxf2+ 26. Rxf2 Qxg3+ 27. Kh1 Nxf2# 0-1

[Event "Titled Tuesday intern op 29th Nov Early"]
[Site "Chess.com INT"]
[Date "2022.11.29"]
[Round "7"]
[White "Roman, Rodrigo"]
[Black "Mohammed, Zozek Salah Mohamme"]
[Result "1-0"]
[WhiteElo "2058"]
[BlackElo "2144"]
[PlyCount "77"]
[EventDate "2022.11.29"]
[EventType "swiss (blitz)"]
[EventRounds "11"]
[EventCountry "USA"]
[SourceTitle "EXT 2024"]
[Source "ChessBase"]
[SourceDate "2023.10.10"]
[SourceVersion "1"]
[SourceVersionDate "2023.10.10"]
[SourceQuality "1"]

1. e4 c5 2. Nf3 d6 3. d4 cxd4 4. Nxd4 Nf6 5. Nc3 a6 6. Bg5 e6 7. f4 Be7 8. Qf3 0-0 9. 0-0-0 Qc7 10. Bd3 Nc6 11. Nxc6 bxc6 12. g4 Rb8 13. e5 dxe5 14. fxe5 Nd5 15. Bxe7 Qxe7 16. Qh3 g6 17. Ne4 Qc7 18. Ng5 f6 19. Nf3 fxe5 20. Ng5 c5 21. Bc4 Qe7 22. Ne4 Rf4 23. Rhe1 Bb7 24. g5 Rbf8 25. Bxd5 exd5 26. Nf6+ R4xf6 27. gxf6 Qxf6 28. Qc3 e4 29. Qxc5 Qf4+ 30. Rd2 Rf7 31. Qd4 Bc6 32. b3 a5 33. Kb2 a4 34. Re3 Qd6 35. bxa4 Qd7 36. a5 Rf5 37. a6 Qc8 38. a7 Qb7+ 39. Rb3 1-0

[Event "Titled Tuesday intern op 22nd Nov Early"]
[Site "Chess.com INT"]
[Date "2022.11.22"]
[Round "5"]
[White "Aizpurua, Patrick Emilio"]
[Black "Mohammed, Zozek Salah Mohamme"]
[Result "1-0"]
[WhiteElo "2311"]
[BlackElo "2144"]
[PlyCount "71"]
[EventDate "2022.11.22"]
[EventType "swiss (blitz)"]
[EventRounds "11"]
[EventCountry "USA"]
[SourceTitle "CBM 211 Extra"]
[Source "ChessBase"]
[SourceDate "2023.01.31"]
[SourceVersion "1"]
[SourceVersionDate "2023.01.31"]
[SourceQuality "1"]

1. d4 d5 2. c4 c6 3. Nf3 Nf6 4. Qc2 e6 5. Bg5 Nbd7 6. Nbd2 Bd6 7. e3 b6 8. Bd3 Bb7 9. 0-0 h6 10. Bh4 Rc8 11. e4 dxe4 12. Bxe4 0-0 13. Rad1 Qc7 14. Rfe1 c5 15. Bxb7 Qxb7 16. b3 cxd4 17. Nxd4 Bb4 18. Re3 Nd5 19. Qe4 Nxe3 20. Qxb7 Nxd1 21. Qxd7 Bxd2 22. Nxe6 fxe6 23. Qxd2 g5 24. Bxg5 hxg5 25. Qxg5+ Kf7 26. Qh5+ Ke7 27. Qxd1 Rcd8 28. Qc1 Rd3 29. h4 Rfd8 30. Qg5+ Kf7 31. Qf4+ Ke7 32. h5 Rd1+ 33. Kh2 R1d2 34. Qg5+ Kf7 35. f3 Rxa2 36. Qxd8 1-0

[Event "Titled Tuesday intern op 22nd Nov Early"]
[Site "Chess.com INT"]
[Date "2022.11.22"]
[Round "2"]
[White "Mohammed, Zozek Salah Mohamme"]
[Black "Grabinsky, Vladimir"]
[Result "1-0"]
[WhiteElo "2144"]
[BlackElo "2219"]
[PlyCount "51"]
[EventDate "2022.11.22"]
[EventType "swiss (blitz)"]
[EventRounds "11"]
[EventCountry "USA"]
[SourceTitle "CBM 211 Extra"]
[Source "ChessBase"]
[SourceDate "2023.01.31"]
[SourceVersion "1"]
[SourceVersionDate "2023.01.31"]
[SourceQuality "1"]

1. d4 Nf6 2. Nf3 d5 3. c4 e6 4. g3 dxc4 5. Bg2 Nc6 6. 0-0 a6 7. a4 Rb8 8. a5 Bb4 9. Bd2 Bxd2 10. Qxd2 0-0 11. Na3 Qd5 12. e3 Qxa5 13. Qc2 b5 14. Nxc4 Qb4 15. Nce5 Nxe5 16. Nxe5 Bb7 17. Qxc7 Bxg2 18. Kxg2 Qxb2 19. Rxa6 Rfc8 20. Qxf7+ Kh8 21. Qxe6 h6 22. Nf7+ Kh7 23. Qf5+ Kg8 24. Nxh6+ gxh6 25. Qg6+ Kh8 26. Qxf6+ 1-0